000 00817cam a2200241 a 4500
001 000010910
005 20200929162321.0
008 941004s1989 cu 001 e spa
040 _aDO-SdBNP
_cDLC
082 _aCu864.44
_bA662r
100 1 _aArango, Arturo,
_d1955-
_921482
245 1 0 _aReincidencias /
_cArturo Arango ; edición María Cristina Eduardo Vázquez.
260 _aLa Habana (Cuba) :
_bAbril,
_c1989.
300 _a137 p. ;
_c19 cm.
504 _aIncluye notas al pie de las páginas.
586 _a"Premio Ensayo 1987".
586 _a"Premio Ensayo Concurso El Caimán Barbudo, 1987"
650 4 _aEnsayo cubano
_920853
650 4 _aLiteratura cubana
_91483
650 4 _aPoesía social
_926317
700 1 _aEduardo Vázquez, María Cristina,
_eed.
_926318
910 _aCatalogación derivada
999 _c10648
_d10648